000 01110nam a22003497a 4500
003 CHAP
005 20230526091031.0
008 971013s1971 r 00010 d
010 _a50536
011 _a51508
035 _a55658
040 _cCHAP
090 _aFolleto 3682
100 0 0 _aVillegas Moreno, Evangelina.
_9119760
245 _aChemical screening methods for maize protein quality at CIMMYT
260 _aMéxico, D.F. :
_bCentro Internacional de Mejoramiento de Maíz y Trigo,
_c1971
300 _a14 p.
_b: ilus.
490 _aResearch bulletin
_v; 20
590 _aBATCH-UPD
_b10
_c20130110
_lUCH01
_h2036
590 _aBATCH-UPD
_b10
_c20130410
_lUCH01
_h1351
590 _aBATCH-UPD
_b10
_c20130914
_lUCH01
_h1726
590 _aCONVERSION
_b10
_c20130109
_lUCH01
_h1327
650 1 4 _aLisina.
650 1 4 _aMaíz
_xComposición.
_970908
650 1 4 _aMaíz
_xProteínas.
_971043
650 1 4 _aTriptofano.
700 1 _aMertz, Edwin T.
_975042
830 0 _aResearch bulletin
_v; 20
_996062
901 _aBK
942 _cFOLL
949 _aFolleto 3682
_bBC
_cFOLL
_d-122017
_eTS1
_i55658
_mD
_si
999 _c50536
_d50536